| 000 | 00711 a2200217 4500 | ||
|---|---|---|---|
| 003 | Nust | ||
| 005 | 20230208110031.0 | ||
| 010 | _a 2004328143 | ||
| 020 | _a8170491754 | ||
| 035 | _a(DLC) 2004328143 | ||
| 040 | _cNust | ||
| 082 | _a954.73,PAD | ||
| 100 | 1 |
_aPadmanabhan, S., _9108732 |
|
| 245 | 1 | 4 |
_aThe writing on the wall, India checkmates America 2017 / _cS. Padmanabhan. |
| 246 | 3 | 0 | _aIndia checkmates America 2017 |
| 260 |
_aNew Delhi : _bManas Publications, _c2004. |
||
| 300 |
_a300 p. ; _c23 cm. |
||
| 505 | _aPart 1: The Changed World Order (Page-11), Part 2: India on the March : 2003-2018 (Page-73), Part 3: Conflict (Page-165). | ||
| 538 | _aAlmirah No.63 Shelf No.1 | ||
| 942 |
_2ddc _cBK |
||
| 999 |
_c187502 _d187502 |
||